LEADER 01220nam a22003134i 4500 001 991001720749707536 008 120521s2011 riu b 001 0 eng d 020 $a9780821869192 035 $ab14058996-39ule_inst 040 $aDip.to Matematica e Fisica$beng 082 04$a515.42$223 084 $aLC QC20.7.M43T36 084 $aAMS 28A20 084 $aAMS 28A25 084 $aAMS 28A35 100 1 $aTao, Terence$0477043 245 13$aAn introduction to measure theory /$cTerence Tao 260 $aProvidence, R. I. :$bAmerican Mathematical Society,$cc2011 300 $axvi, 206 p. ;$c26 cm 440 0$aGraduate studies in mathematics,$x1065-7339 ;$v126 504 $aIncludes bibliographical references and index 650 0$aMeasure theory 907 $a.b14058996$b28-02-13$c21-05-12 912 $a991001720749707536 945 $aLE013 28A TAO11 C.1 (2011)$g1$i2013000215518$lle013$op$pE50.22$q-$rl$s- $t0$u1$v0$w1$x0$y.i15435301$z18-07-12 945 $aLE013 28A TAO11 C.2 (2011)$cC. 2$g1$i2013000217581$lle013$op$pE52.00$q-$rl$s- $t0$u0$v0$w0$x0$y.i15456389$z12-11-12 996 $aIntroduction to measure theory$9239375 997 $aUNISALENTO 998 $ale013$b21-05-12$cm$da $e-$feng$griu$h3$i0 LEADER 01724nam 2200409 a 450 001 9910697319603321 005 20080818145305.0 035 $a(CKB)5470000002387739 035 $a(OCoLC)244007353 035 $a(EXLCZ)995470000002387739 100 $a20080818d2008 ua 0 101 0 $aeng 135 $aurmn||||||||| 181 $ctxt$2rdacontent 182 $cc$2rdamedia 183 $acr$2rdacarrier 200 10$aNuclear material$b[electronic resource] $eDOE needs to take action to reduce risks before processing additional nuclear material at the Savannah River Site's H-Canyon : report to the Subcommittee on Energy and Water Development, Committee on Appropriations, House of Representatives 210 1$a[Washington, D.C.] :$cU.S. Govt. Accountability Office,$d[2008] 215 $aii, 28 pages $cdigital, PDF file 300 $aTitle from title screen (viewed on Aug. 18, 2008). 300 $a"July 2008." 300 $aPaper version available from: U.S. Govt. Accountability Office, 441 G St., NW, Rm. LM, Washington, D.C. 20548. 300 $a"GAO-08-840." 320 $aIncludes bibliographical references. 517 $aNuclear material 606 $aRadioactive waste disposal$zSouth Carolina$zSavannah River Site 606 $aRadioactive substances$zSouth Carolina$zSavannah River Site 607 $aSavannah River Site (S.C.) 615 0$aRadioactive waste disposal 615 0$aRadioactive substances 712 02$aUnited States.$bCongress.$bHouse.$bCommittee on Appropriations.$bSubcommittee on Energy and Water Development. 801 0$bGPO 801 1$bGPO 906 $aBOOK 912 $a9910697319603321 996 $aNuclear material$93436243 997 $aUNINA